000 00661nam a2200265Ia 4500
005 20260121173631.0
008 008 260114s9999 xx 000 0 eng d
020 _a9783662478578
037 _aEBOOK
040 _aCRL
040 _beng
040 _cCRL
041 _2eng
041 _aeng
084 _qCRL
100 _aJairton Dupont L?szl? Koll?r
_91103302
245 0 _aIonic Liquids (ILs) in Organometallic Catalysis
260 _bSpringer
260 _bSpringer
260 _c2015
856 _uhttps://link.springer.com/openurl?genre=book&isbn=978-3-662-47857-8
942 _cEBOOK
999 _c1669047
_d1669047